000
00306nam a22001337a 4500
008
170614b xxu||||| |||| 00| 0 eng d
020
_a
9781608714124
041
_a
eng
080
_a
323
100
_a
19
101
_a
SHP
245
_a
ISSUES FOR DEBATE IN HUMAN RIGHTS
_c
FRASIER.E
942
_2
udc
_c
BK
999
_c
17245
_d
17245